000 00319nam a2200109Ia 4500
008 171204s9999 xx 000 0 und d
245 4 _aThe SAGE Handbook of Political Geography:
245 _cKevin R Cox
260 _c2007
650 _xPolitics and Sociology
856 _uhttp://down.ebook777.com/063/9780761943273.pdf
999 _c345603
_d345603